000 00507nam a22001577a 4500
003 OSt
005 20250703020209.0
008 250621b |||||||| |||| 00| 0 eng d
020 _a 9786214270156
040 _aDWCL - Main lib
_cOC
082 _aFil. 170 A712e 2018
245 _aEthics ( New General Education Curriculum Compliant)/
260 _aManila:
_bUnlimited Books Library Services and Publishing ,
_c c2018.
300 _aviii , 150 pages:
_b illustrations ;
_c23cm.
942 _2ddc
_cBK - FIL
_kFil.
_n0
999 _c3208
_d3208